|
|
|
|
| LEADER |
00000cam a2200000 7i4500 |
| 001 |
0000007821 |
| 002 |
000008392 |
| 005 |
20011228.0 |
| 020 |
|
|
|a 9679751414
|
| 090 |
0 |
0 |
|a 297.63
|b ADI
|
| 100 |
0 |
|
|a Adi Setia
|
| 245 |
1 |
0 |
|a 25 Rasul
|c Adi Setia
|
| 260 |
|
|
|a Kuala Lumpur :
|b Pustaka Salam ,
|c 1992
|
| 300 |
|
|
|a 108p. ;
|c 18cm.
|
| 650 |
0 |
0 |
|a Quran stories, Malay
|
| 999 |
|
|
|a 046922
|b BUKU
|c PINJAMAN
|e PERPUSTAKAAN KOMUNITI CAW KOTA DAMANSARA
|
| 999 |
|
|
|a 046923
|b BUKU
|c PINJAMAN
|e PERPUSTAKAAN KOMUNITI CAW KOTA DAMANSARA
|
| 999 |
|
|
|a 052769
|b BUKU
|c PINJAMAN
|e PERPUSTAKAAN KOMUNITI PETALING JAYA
|